El Consejo de Regencia a la nación española en el aniversario del dos de mayo. (Record no. 173056)

MARC details
000 -LEADER
campo de control de longitud fija 00647nam a2200169 i 4500
001 - NÚMERO DE CONTROL
campo de control 173056
003 - IDENTIFICADOR DE NÚMERO DE CONTROL
campo de control ES-MaACL
005 - FECHA Y HORA DE LA ÚLTIMA TRANSACCIÓN
campo de control 20240229062732.0
008 - DATOS DE LONGITUD FIJA--INFORMACIÓN GENERAL
campo de control de longitud fija 091021s1811 sp |||| | spa d
110 2# - ENTRADA PRINCIPAL--NOMBRE DE ENTIDAD CORPORATIVA
Nombre de entidad corporativa o nombre de jurisdicción como elemento de entrada España.
Unidad subordinada Consejo de Regencia.
9 (RLIN) 141473
245 13 - MENCIÓN DEL TÍTULO
Título El Consejo de Regencia a la nación española en el aniversario del dos de mayo.
260 ## - PUBLICACIÓN, DISTRIBUCIÓN, ETC.
Lugar de publicación, distribución, etc. Cádiz :
Nombre del editor, distribuidor, etc. [s.n.],
Fecha de publicación, distribución, etc. 1811 (
Fabricante Imp. Real)
300 ## - DESCRIPCIÓN FÍSICA
Extensión [8] p. ;
Dimensiones 20 cm.
651 #4 - PUNTO DE ACCESO ADICIONAL DE MATERIA--NOMBRE GEOGRÁFICO
Nombre geográfico España-
Subdivisión general Historia-
Subdivisión cronológica 1808-1814, Guerra de la Independencia
9 (RLIN) 8244
852 ## - LOCALIZACIÓN
Ubicación ES-MaACL
Número de control de estantería R-3318(23)
Nota libre .- Enc. en un vol. facticio con otras obras formando "Miscelanea patriotica"
Holdings
Estatus retirado Estado de pérdida Estado de daño No para préstamo Colección Biblioteca de origen Biblioteca actual Ubicación en estantería Fecha de adquisición Fuente de adquisición Total de préstamos Signatura topográfica completa Código de barras Visto por última vez Precio de reemplazo Tipo de ítem Koha
        Libros del s. XIX Biblioteca del Ateneo de Madrid Biblioteca del Ateneo de Madrid Depósito 21/10/2009     R-3318(23) 1181588 23/02/2023 23/02/2023 Libro impreso antiguo